| 000 | 00497nam a2200181Ia 4500 | ||
|---|---|---|---|
| 003 | OSt | ||
| 005 | 20201224110243.0 | ||
| 008 | 190216s9999||||xx |||||||||||||| ||und|| | ||
| 040 | _coclc | ||
| 082 |
_a894.8123 _bPOT/V |
||
| 100 |
_aPottekkat, S K _92068 |
||
| 245 | 0 |
_aVishakanyaka / _cS K Pottekkatt |
|
| 250 | _a1st Ed. | ||
| 260 |
_bNational Book Stall, _c1986. _aKottayam: |
||
| 300 | _a240p | ||
| 650 | _aNovel | ||
| 942 |
_cBK _2ddc _h894.8123 _iPOT/V _k894.8123 _mPOT/V |
||
| 999 |
_c25912 _d25912 |
||